000 00371nam a22001697a 4500
005 20160616101506.0
008 160616b xxu||||| |||| 00| 0 eng d
020 _a0-07-05984-9
041 _aeng
082 _b7904
100 _aNelson, Carl A
_92053
245 _aImport Export
260 _bTMH
_c2004
300 _a287
650 _aManagement
_9241
942 _cBK
999 _c2874
_d2873